000 00909nmm a2200277 a 4500
001 ocm0002146323
003 TR-IsHL
005 20201028182311.0
008 190131s2018 tu tur
007 cr cn
020 _a9786055122379
035 _a2146323
_b(N$T)
050 0 4 _aPL248.C54
_bD87 2018
090 0 4 _aPL248.C54
_bD87 2018
100 1 _aÇiftkaya, Murat
245 1 0 _aDüşünen öyküler
_h[electronic resource] /
_cMurat Çiftkaya
250 _a15. Baskı
260 _aİstanbul :
_bGenç Hayat Yayınları,
_c2018
300 _a165 p.
650 4 _aDil ve Edebiyat
650 4 _aLanguage and Literature
650 0 _aTürk edebiyatı
_x Çocuk romanı
650 0 _aTurkish literature
_x Juvenile fiction
650 7 _aLITERARY COLLECTIONS / Middle Eastern
_2bisacsh
856 4 0 _uhttp://search.ebscohost.com/login.aspx?direct=true&scope=site&db=e011xww&AN=2146323
999 _c20004
_d20004